Detalles MARC
| 000 -LIDER |
| fixed length control field |
02522nam a2200373 a 4500 |
| 001 - NÚMERO DE CONTROL |
| Identificador de número de control |
0000213 |
| 003 - IDENTIFICACDOR DE NÚMERO DE CONTROL |
| control field |
DO-SdBNP |
| 005 - DATE AND TIME OF LATEST TRANSACTION |
| control field |
20180312110504.0 |
| 007 - CAMPOS FIJOS DE DESCRIPCIÓN FÍSICA |
| fixed length control field |
0000213 |
| 008 - ELEMENTOS DE LONGITUD FIJA |
| fixed length control field |
150130s2014 dr ac 000 0 spa d |
| 020 ## - ISBN |
| International Standard Book Number |
9789945118865 (v. 1) |
| 020 ## - ISBN |
| International Standard Book Number |
9789945118896 (v. 2) |
| 020 ## - ISBN |
| International Standard Book Number |
9789945118834 (v. 3) |
| 040 ## - FUENTE DE CATALOGACIÓN |
| Agencia que crea de manera original el registro |
BPMSU |
| Idioma de catalogación |
spa |
| Agencia que realiza la transcripción |
BPMSU |
| 092 ## - LOCALLY ASSIGNED DEWEY DECIMAL CALL NUMBER |
| Número de clasificación |
372.7 |
| Número de ítem (Cutter) |
S237m, 3ro 2014 |
| 100 1# - ASIENTO PRINCIPAL -- NOMBRE PERSONAL |
| Nombre personal |
Santos, Altagracia |
| 245 10 - MENCIÓN DE TITULO |
| Título |
Matemáticas 3 : |
| Subtítulo |
educación primaria / |
| Mención de responsabilidad |
Altagracia Santos; edición Andrés Molina Maloon |
| 260 ## - PUBLICACIÓN, DISTRIBUCIÓN, ETC. (PIE DE IMPRENTA) |
| Lugar de publicación, distribución, etc |
Santo Domingo : |
| Nombre del editor, distribuidor, etc. |
Santillana, |
| Fecha de publicación, distribución, etc |
2014. |
| 300 ## - DESCRIPCIÓN FÍSICA |
| Extensión |
3 v. |
| Otros detalles físicos |
il., retrs., |
| Dimensiones |
28 cm. + |
| Material complementario |
CD-ROM ; |
| 490 1# - MENCIÓN DE SERIES |
| Mención de serie |
Proyecto todos juntos |
| 505 ## - NOTA DE CONTENIDO |
| Información miscelánea |
v. 1 : Libro texto .- |
| Título |
Las unidades de millar -- |
| -- |
Adicción y sustracción -- |
| -- |
Multiplicación -- |
| -- |
División -- |
| Información miscelánea |
Proyecto 1: Cuentos matemáticas -- |
| Título |
Decenas de millar -- |
| -- |
Fracciones -- |
| -- |
Unidades de longitud -- |
| -- |
Área -- |
| Información miscelánea |
Proyecto 2: Construcción de un geoplano -- |
| Título |
Ángulos -- |
| -- |
Figuras y cuerpos geométricos -- |
| -- |
Medidas -- |
| -- |
Recolección y análisis de datos -- |
| Información miscelánea |
Proyecto 3: Matemáticas en la prensa -- |
| 505 ## - NOTA DE CONTENIDO |
| Información miscelánea |
v. 2 : Guía. - |
| -- |
Guía didáctica: recursos didácticos para el profesorado -- |
| Título |
Un proyecto bien fundamentado -- |
| -- |
Las claves del preyecto -- |
| -- |
El proyecto todos juntos en el nuevo sistema curricular -- |
| -- |
Los instrumentos del nuevo sistema curricular -- |
| -- |
Competencias e indicadores de logro para las matemáticas en el primer ciclo del nivel primario -- |
| -- |
Secuencia de contenidos del primer ciclo del nivel primario -- |
| -- |
Materiales para el estudiante -- |
| -- |
Materiales para el docente -- |
| -- |
El texto escolar -- |
| -- |
Los proyectos -- |
| -- |
El cuaderno de actividades -- |
| -- |
El libromedia -- |
| -- |
La guía didáctica -- |
| -- |
Mapa de contenidos -- |
| 505 ## - NOTA DE CONTENIDO |
| Información miscelánea |
v. 3 : Cuaderno.- |
| -- |
Cuaderno: fichas de actividades -- |
| Título |
Las unidades de millar -- |
| -- |
Adición y sustracción -- |
| -- |
Multiplicación -- |
| -- |
División -- |
| -- |
Decenas de millar -- |
| -- |
Fracciones -- |
| -- |
Unidades de longitud -- |
| -- |
Área -- |
| -- |
Ángulos -- |
| -- |
Figuras y cuerpos geométricos -- |
| -- |
Medidas -- |
| -- |
Recolección y análisis de datos -- |
| 650 ## - ENCABEZAMIENTO DE MATERIA--TEMÁTICO |
| Término temático o nombre geográfico como elemento de entrada |
MATEMÁTICAS |
| Subdivisión temática general |
ENSEÑANZA BÁSICA |
| 650 #4 - ENCABEZAMIENTO DE MATERIA--TEMÁTICO |
| Término temático o nombre geográfico como elemento de entrada |
EDUCACIÓN PRMARIA |
| Subdivisión geográfica |
REPÚBLICA DOMINICANA |
| 650 #4 - ENCABEZAMIENTO DE MATERIA--TEMÁTICO |
| Término temático o nombre geográfico como elemento de entrada |
MATEMÁTICAS |
| Subdivisión temática general |
ENSEÑANZA ELEMENTAL |
| 650 #4 - ENCABEZAMIENTO DE MATERIA--TEMÁTICO |
| Término temático o nombre geográfico como elemento de entrada |
MATEMÁTICAS |
| Subdivisión temática general |
ESTUDIOS Y EJERCICIOS |
| 650 #4 - ENCABEZAMIENTO DE MATERIA--TEMÁTICO |
| Término temático o nombre geográfico como elemento de entrada |
MATEMÁTICAS |
| Subdivisión temática general |
LIBROS DE TEXTOS |
| 700 12 - ASIENTO SECUNDARIO -- NOMBRE PERSONAL |
| Nombre personal |
Molina Maloon, Andrés, |
| Mención de responsabilidad |
ed. |
| 830 #0 - ASIENTO SECUNDARIO DE SERIE--TÍTULO UNIFORME |
| Título uniforme |
Proyecto todos juntos |
| 942 ## - ADDED ENTRY ELEMENTS (KOHA) |
| Source of classification or shelving scheme |
Dewey Decimal Classification |
| Koha item type |
Libros |
| 945 ## - INFORMACIÓN DE PROCESAMIENTO LOCAL |
| Información de procesamiento local |
Remanejado para BNPHU / 2018 BT |
| 956 ## - LOCAL ELECTRONIC LOCATION AND ACCESS (OCLC) |
| Nombre de host |
YLOCKWARD |
| Número de acceso |
10 |
| Información de compresión |
20150702 |
| Inicio de sesión |
BND01 |
| Procesador de solicitud |
1429 |